ბათუმის შოთა რუსთაველის სახელმწიფო უნივერსიტეტის ბიბლიოთეკა

ჩაის საბჭოთა მეურნეობების რენტაბელობის საკითხი : (ბიბ.ჩანაწერი № 63513)

000 -ლიდერი
ფიქსირებული სიგრძის საკონტროლო ველი 00982nam a22001697a 4500
003 - საკონტროლო ნომრის იდენტიფიკატორი
საკონტროლო ველი Ge_BSU
005 - ბოლო ოპერაციის თარიღი და დრო
საკონტროლო ველი 20251021203729.0
008 - ფიქსირებული სიგრძის მონაცემთა ელემენტები - ზოგადი ინფორმაცია
ფიქსირებული სიგრძის საკონტროლო ველი 251021s1957 ge ||||| |||| 00| 0 geo d
041 ## - ენის კოდი
Language code of text/sound track or separate title geo
080 ## - უნივერსალური ათობითი კლასიფიკაციის ინდექსი
Universal Decimal Classification number 631.115.71:633.72(479.22) პ-21
100 ## - მთავარი ჩანაწერი - პიროვნების სახელი
Personal name პატარაია, პ.
9 (RLIN) 26095
245 ## - ცნობა სათაურის შესახებ
Title ჩაის საბჭოთა მეურნეობების რენტაბელობის საკითხი :
Remainder of title ჩაქვის, სალიბაურის, ოჩხამურისა და დიდიჭყონის საბჭოთა მეურნეობების მაგალითზე /
Statement of responsibility, etc პ. პატარაია.
264 ## - წარმოების, გამოცემის, დისტრიბუციის და სხვა ცნობები
გამოცემის, წარმოების, დისტრიბუციის... ადგილი ბათუმი :
გამოცემის, წარმოების, დისტრიბუციის... სახელწოდება აჭარის ასსრ სახელგამი,
გამოცემის, წარმოების, დისტრიბუციის... თარიღი 1957.
300 ## - ფიზიკური აღწერა
Extent 138 გვ. ;
Other physical details 20 სმ.
653 ## - INDEX TERM--UNCONTROLLED
Uncontrolled term ჩაის საბჭოთა მეურნეობები საქართველოში
942 ## - ADDED ENTRY ELEMENTS (KOHA)
Source of classification or shelving scheme
Koha item type წიგნი
ეგზემპლარები
ჩამოწერის სტატუსი დაკარგული ეგზემპლარის სტატუსი კლასიფიკაციის წყარო ან თაროზე გაწყობის სქემა დაზიანების სტატუსი არ გაიცემა მუდმივი მდებარეობა (დაცვის ადგილი) ამჟამინდელი ადგილსამყოფელი თაროზე განთავსების ადგილი შეძენის თარიღი ღირებულება, შესყიდვის ნორმალური ფასი სრული შენახვის შიფრი შტრიხკოდი ბოლო ოპერაციის თარიღი ეგზემპლარის მიმდევრობითი ნომერი (კეტერი?) ფასის ძალაში შესვლის თარიღი ეგზემპლარის სახეობა საჯარო შენიშვნა
          ბათუმის შოთა რუსთაველის სახელმწიფო უნივერსიტეტის მთავარი ბიბლიოთეკა ბათუმის შოთა რუსთაველის სახელმწიფო უნივერსიტეტის მთავარი ბიბლიოთეკა წიგნსაცავი 2025-10-21 0.90 631.115.71:633.72(479.22) პ-21 72770 2025-10-21 72770 2025-10-21 წიგნი 0.90 თ.
          ბათუმის შოთა რუსთაველის სახელმწიფო უნივერსიტეტის მთავარი ბიბლიოთეკა ბათუმის შოთა რუსთაველის სახელმწიფო უნივერსიტეტის მთავარი ბიბლიოთეკა წიგნსაცავი 2025-10-21 0.90 631.115.71:633.72(479.22) პ-21 72769 2025-10-21 72769 2025-10-21 წიგნი 0.90 თ.
          ბათუმის შოთა რუსთაველის სახელმწიფო უნივერსიტეტის მთავარი ბიბლიოთეკა ბათუმის შოთა რუსთაველის სახელმწიფო უნივერსიტეტის მთავარი ბიბლიოთეკა წიგნსაცავი 2025-10-21 0.90 631.115.71:633.72(479.22) პ-21 72771 2025-10-21 72771 2025-10-21 წიგნი 0.90 თ.